[Event "Memorial Sergievskogo"]
[Site "Cheboksary"]
[Date "2016.04.12"]
[Round "8.6"]
[White "Nozdrachev, Vladislav"]
[Black "Volkov, Sergey"]
[Result "1/2-1/2"]
[LiveChessVersion "1.4.4"]
[BlackElo "2597"]
[WhiteElo "2542"]

1. e4 {[%clk 0:15:19]} e6 {[%clk 0:15:18]} 2. d4 {[%clk 0:15:28]} d5
{[%clk 0:15:25]} 3. e5 {[%clk 0:15:37]} c5 {[%clk 0:15:33]} 4. c3
{[%clk 0:15:46]} Nc6 {[%clk 0:15:34]} 5. Nf3 {[%clk 0:15:51]} Bd7
{[%clk 0:15:42]} 6. Be2 {[%clk 0:15:36]} cxd4 {[%clk 0:15:42]} 7. cxd4
{[%clk 0:15:44]} Nge7 {[%clk 0:15:48]} 8. Nc3 {[%clk 0:15:16]} Nf5
{[%clk 0:15:55]} 9. O-O {[%clk 0:15:17]} Rc8 {[%clk 0:15:58]} 10. Kh1
{[%clk 0:14:56]} a6 {[%clk 0:16:05]} 11. Be3 {[%clk 0:14:15]} Be7
{[%clk 0:16:11]} 12. Bd3 {[%clk 0:14:21]} Nxe3 {[%clk 0:16:11]} 13. fxe3
{[%clk 0:14:30]} Nb4 {[%clk 0:15:59]} 14. Bb1 {[%clk 0:14:16]} O-O
{[%clk 0:15:35]} 15. a3 {[%clk 0:14:00]} Nc6 {[%clk 0:15:43]} 16. Qd3
{[%clk 0:14:08]} g6 {[%clk 0:15:49]} 17. e4 {[%clk 0:14:13]} dxe4
{[%clk 0:15:41]} 18. Nxe4 {[%clk 0:14:17]} Na5 {[%clk 0:15:13]} 19. Qe3
{[%clk 0:14:24]} Kg7 {[%clk 0:14:54]} 20. Ba2 {[%clk 0:11:51]} Bb5
{[%clk 0:14:08]} 21. Rf2 {[%clk 0:11:29]} Bc4 {[%clk 0:13:55]} 22. Bxc4
{[%clk 0:11:30]} Nxc4 {[%clk 0:14:03]} 23. Qf4 {[%clk 0:11:38]} Nb6
{[%clk 0:13:21]} 24. Nfg5 {[%clk 0:10:03]} Nd5 {[%clk 0:13:13]} 25. Qg3
{[%clk 0:09:02]} Bxg5 {[%clk 0:08:19]} 26. Nxg5 {[%clk 0:09:10]} Rc7
{[%clk 0:08:11]} 27. Raf1 {[%clk 0:07:19]} h6 {[%clk 0:08:09]} 28. Ne4
{[%clk 0:07:18]} Ne7 {[%clk 0:07:12]} 29. Nd6 {[%clk 0:04:23]} Nf5
{[%clk 0:07:18]} 30. Nxf5+ {[%clk 0:03:55]} exf5 {[%clk 0:07:26]} 31. Rxf5
{[%clk 0:03:56]} Qxd4 {[%clk 0:07:17]} 32. e6 {[%clk 0:02:48]} Re7
{[%clk 0:06:57]} 33. exf7 {[%clk 0:02:45]} Qxb2 {[%clk 0:05:36]} 34. h4
{[%clk 0:02:22]} Rexf7 {[%clk 0:05:18]} 35. h5 {[%clk 0:02:15]} Rxf5
{[%clk 0:04:13]} 36. Qxg6+ {[%clk 0:02:24]} Kh8 {[%clk 0:04:19]} 37. Qxh6+
{[%clk 0:02:27]} Kg8 {[%clk 0:04:28]} 38. Qg6+ {[%clk 0:02:35]} Qg7
{[%clk 0:04:29]} 39. Rxf5 {[%clk 0:02:42]} Qxg6 {[%clk 0:04:37]} 40. Rxf8+
{[%clk 0:02:51]} Kxf8 {[%clk 0:04:46]} 41. hxg6 {[%clk 0:02:59]} b5
{[%clk 0:04:51]} 42. Kg1 {[%clk 0:02:51]} a5 {[%clk 0:05:00]} 43. Kf2
{[%clk 0:03:00]} a4 {[%clk 0:04:52]} 44. Ke2 {[%clk 0:03:00]} b4 {[%clk 0:05:01]}
45. Kd2 {[%clk 0:03:06]} b3 {[%clk 0:05:09]} 46. Kc3 {[%clk 0:03:14]} Kg7
{[%clk 0:05:18]} 47. g4 {[%clk 0:03:20]} Kxg6 {[%clk 0:05:27]} 48. g5
{[%clk 0:03:29]} Kxg5 {[%clk 0:05:36]} 49. Kb2 {[%clk 0:03:38]} Kf4
{[%clk 0:05:44]} 50. Kb1 {[%clk 0:03:46]} Ke3 {[%clk 0:05:53]} 51. Kb2
{[%clk 0:03:55]} Kd2 {[%clk 0:05:52]} 52. Kb1 {[%clk 0:04:04]} Kd3
{[%clk 0:04:58]} 53. Kb2 {[%clk 0:04:13]} Kc4 {[%clk 0:05:05]} 54. Kb1
{[%clk 0:04:21]} Kd4 {[%clk 0:04:53]} 55. Kb2 {[%clk 0:04:29]} Kd3
{[%clk 0:05:01]} 56. Kb1 {[%clk 0:04:38]} Kc3 {[%clk 0:05:08]} 57. Kc1
{[%clk 0:04:44]} Kd3 {[%clk 0:05:10]} 58. Kb2 {[%clk 0:04:53]} Kd2
{[%clk 0:05:14]} 59. Kb1 {[%clk 0:05:02]} Ke3 {[%clk 0:05:17]} 60. Kb2
{[%clk 0:05:10]} Ke4 {[%clk 0:05:25]} 61. Kb1 {[%clk 0:05:19]} Ke5
{[%clk 0:05:32]} 62. Kb2 {[%clk 0:05:27]} Kd5 {[%clk 0:05:40]} 63. Kb1
{[%clk 0:05:34]} Kc4 {[%clk 0:05:48]} 64. Kb2 {[%clk 0:05:43]} Kd4
{[%clk 0:05:56]} 65. Kb1 {[%clk 0:05:52]} Kc3 {[%clk 0:06:04]} 66. Kc1
{[%clk 0:06:00]} Kd4 {[%clk 0:06:07]} 67. Kb2 {[%clk 0:06:07]} Kd3
{[%clk 0:06:12]} 68. Kb1 {[%clk 0:06:16]} Kc3 {[%clk 0:06:20]} 69. Kc1
{[%clk 0:06:25]} Kc4 {[%clk 0:06:27]} 70. Kb2 {[%clk 0:06:34]} Kd4
{[%clk 0:06:33]} 71. Kb1 {[%clk 0:06:42]} Kd3 {[%clk 0:06:41]} 72. Kb2
{[%clk 0:06:51]} Ke4 {[%clk 0:06:48]} 73. Kb1 {[%clk 0:07:00]} Ke3
{[%clk 0:06:56]} 74. Kb2 {[%clk 0:07:08]} Kd3 {[%clk 0:07:03]} 75. Kb1
{[%clk 0:07:17]} Kc3 {[%clk 0:07:11]} 76. Kc1 {[%clk 0:07:26]} Kc4
{[%clk 0:07:10]} 77. Kb2 {[%clk 0:07:35]} Kd4 {[%clk 0:07:17]} 78. Kb1
{[%clk 0:07:43]} Ke4 {[%clk 0:07:06]} 79. Kb2 {[%clk 0:07:52]} Kd3
{[%clk 0:07:14]} 80. Kb1 {[%clk 0:08:01]} Ke2 {[%clk 0:07:20]} 81. Kb2
{[%clk 0:08:09]} Kd1 {[%clk 0:07:27]} 82. Kb1 {[%clk 0:08:18]} Kd2
{[%clk 0:07:30]} 83. Kb2 {[%clk 0:08:27]} Kd3 {[%clk 0:07:38]} 84. Kb1
{[%clk 0:08:36]} Kc3 85. Ka2 b2 86. Kb1 1/2-1/2

[Event "Memorial Sergievskogo"]
[Site "Cheboksary"]
[Date "2016.04.12"]
[Round "8.7"]
[White "Papin, Vasily"]
[Black "Lintchevski, Daniil"]
[Result "1/2-1/2"]
[LiveChessVersion "1.4.4"]
[BlackElo "2590"]
[WhiteElo "2513"]

1. c4 {[%clk 0:15:18]} c6 {[%clk 0:15:19]} 2. Nf3 {[%clk 0:15:26]} d5
{[%clk 0:15:28]} 3. e3 {[%clk 0:15:35]} Nf6 {[%clk 0:15:36]} 4. Qc2
{[%clk 0:15:44]} g6 {[%clk 0:13:08]} 5. b3 {[%clk 0:15:50]} Bg7 {[%clk 0:13:15]}
6. Bb2 {[%clk 0:16:00]} O-O {[%clk 0:13:17]} 7. Be2 {[%clk 0:16:09]} Bg4
{[%clk 0:13:22]} 8. d3 {[%clk 0:15:40]} Nbd7 {[%clk 0:13:21]} 9. Nbd2
{[%clk 0:15:48]} Re8 {[%clk 0:13:19]} 10. h3 {[%clk 0:15:36]} Bxf3
{[%clk 0:13:26]} 11. Nxf3 {[%clk 0:15:34]} e5 {[%clk 0:13:21]} 12. cxd5
{[%clk 0:14:15]} cxd5 {[%clk 0:12:59]} 13. Rc1 {[%clk 0:14:19]} e4
{[%clk 0:12:00]} 14. dxe4 {[%clk 0:14:10]} Nxe4 {[%clk 0:11:38]} 15. Bxg7
{[%clk 0:12:13]} Kxg7 {[%clk 0:11:46]} 16. O-O {[%clk 0:11:13]} Rc8
{[%clk 0:11:54]} 1/2-1/2

[Event "Memorial Sergievskogo"]
[Site "Cheboksary"]
[Date "2016.04.12"]
[Round "8.8"]
[White "Gunina, Valentina"]
[Black "Predke, Alexandr"]
[Result "1-0"]
[LiveChessVersion "1.4.4"]
[BlackElo "2594"]
[WhiteElo "2444"]

1. d4 {[%clk 0:15:17]} Nf6 {[%clk 0:15:17]} 2. c4 {[%clk 0:15:25]} e6
{[%clk 0:15:25]} 3. Nf3 {[%clk 0:15:33]} b6 {[%clk 0:15:34]} 4. g3
{[%clk 0:15:41]} Bb7 {[%clk 0:15:43]} 5. Bg2 {[%clk 0:15:49]} Be7
{[%clk 0:15:50]} 6. O-O {[%clk 0:15:56]} O-O {[%clk 0:15:58]} 7. Re1
{[%clk 0:16:05]} Na6 {[%clk 0:15:58]} 8. Ne5 {[%clk 0:15:24]} Bxg2
{[%clk 0:15:44]} 9. Kxg2 {[%clk 0:15:32]} c5 {[%clk 0:15:34]} 10. d5
{[%clk 0:15:36]} Qc7 {[%clk 0:15:34]} 11. Nf3 {[%clk 0:15:38]} Ne4
{[%clk 0:13:13]} 12. Qc2 {[%clk 0:14:21]} f5 {[%clk 0:13:04]} 13. Bf4
{[%clk 0:13:53]} Qb7 {[%clk 0:12:44]} 14. Nc3 {[%clk 0:13:56]} Bf6
{[%clk 0:11:06]} 15. Rad1 {[%clk 0:13:32]} Nb4 {[%clk 0:05:57]} 16. Qb3
{[%clk 0:13:38]} Rae8 {[%clk 0:05:28]} 17. a3 {[%clk 0:13:10]} Na6
{[%clk 0:05:37]} 18. Nxe4 {[%clk 0:11:52]} fxe4 {[%clk 0:05:45]} 19. Nd2
{[%clk 0:12:00]} exd5 {[%clk 0:02:16]} 20. cxd5 {[%clk 0:12:08]} Be5
{[%clk 0:02:18]} 21. Bxe5 {[%clk 0:11:36]} Rxe5 {[%clk 0:02:26]} 22. Nc4
{[%clk 0:11:42]} Re7 {[%clk 0:01:47]} 23. d6 {[%clk 0:09:46]} Re6
{[%clk 0:01:54]} 24. Ne3 {[%clk 0:09:53]} Nb8 {[%clk 0:01:29]} 25. Nd5
{[%clk 0:09:51]} Kh8 {[%clk 0:01:34]} 26. Nf4 {[%clk 0:09:46]} Re5
{[%clk 0:00:29]} 27. Qc3 {[%clk 0:09:08]} Nc6 {[%clk 0:00:35]} 28. h4
{[%clk 0:08:45]} Nd4 {[%clk 0:00:41]} 29. Rxd4 {[%clk 0:08:41]} cxd4
{[%clk 0:00:49]} 30. Qxd4 {[%clk 0:08:49]} Rc5 {[%clk 0:00:26]} 31. b4
{[%clk 0:08:35]} Rcf5 {[%clk 0:00:15]} 32. Rc1 {[%clk 0:08:37]} Qb8
{[%clk 0:00:13]} 33. Rc7 {[%clk 0:07:57]} Qe8 {[%clk 0:00:22]} 34. e3
{[%clk 0:07:29]} b5 {[%clk 0:00:18]} 35. Qxa7 {[%clk 0:07:31]} R5f7
{[%clk 0:00:15]} 36. Qc5 {[%clk 0:07:01]} Rf5 {[%clk 0:00:24]} 37. Qd4
{[%clk 0:07:09]} Kg8 {[%clk 0:00:32]} 38. Rc5 {[%clk 0:06:52]} Qa8
{[%clk 0:00:17]} 39. Rd5 {[%clk 0:05:33]} Rxd5 {[%clk 0:00:14]} 40. Nxd5
{[%clk 0:05:42]} Kh8 {[%clk 0:00:14]} 41. h5 {[%clk 0:04:28]} h6 {[%clk 0:00:11]}
42. Ne7 {[%clk 0:04:34]} Rf6 {[%clk 0:00:13]} 43. Qc5 {[%clk 0:04:36]} Kh7
{[%clk 0:00:15]} 44. Qe5 {[%clk 0:04:35]} Kh8 {[%clk 0:00:15]} 45. Nf5
{[%clk 0:04:17]} Qf8 {[%clk 0:00:13]} 46. g4 {[%clk 0:04:26]} Re6
{[%clk 0:00:13]} 47. Qxb5 {[%clk 0:04:30]} Qf7 {[%clk 0:00:15]} 48. Qd5
{[%clk 0:04:28]} g6 {[%clk 0:00:18]} 49. Nd4 {[%clk 0:03:59]} gxh5
{[%clk 0:00:16]} 50. Nxe6 {[%clk 0:03:46]} Qf3+ {[%clk 0:00:25]} 51. Kf1
{[%clk 0:03:54]} dxe6 {[%clk 0:00:34]} 52. Qd4+ {[%clk 0:03:53]} Kh7
{[%clk 0:00:36]} 53. d7 {[%clk 0:03:52]} e5 {[%clk 0:00:38]} 54. Qd5
{[%clk 0:03:15]} 1-0

[Event "Memorial Sergievskogo"]
[Site "Cheboksary"]
[Date "2016.04.12"]
[Round "8.9"]
[White "Dzhangobegov, Vladimir"]
[Black "Alekseev, Evgeny"]
[Result "0-1"]
[LiveChessVersion "1.4.4"]
[BlackElo "2671"]
[WhiteElo "2170"]

1. e4 {[%clk 0:15:18]} c5 {[%clk 0:15:17]} 2. Nf3 {[%clk 0:15:25]} e6
{[%clk 0:15:19]} 3. Nc3 {[%clk 0:15:28]} a6 {[%clk 0:15:10]} 4. d4
{[%clk 0:15:37]} cxd4 {[%clk 0:15:18]} 5. Nxd4 {[%clk 0:15:45]} Nc6
{[%clk 0:15:27]} 6. Be2 {[%clk 0:15:27]} d6 {[%clk 0:15:27]} 7. O-O
{[%clk 0:15:32]} Nf6 {[%clk 0:15:29]} 8. Be3 {[%clk 0:15:37]} Be7
{[%clk 0:15:31]} 9. f4 {[%clk 0:15:40]} O-O {[%clk 0:15:33]} 10. Qe1
{[%clk 0:15:07]} Nxd4 {[%clk 0:15:28]} 11. Bxd4 {[%clk 0:15:15]} b5
{[%clk 0:15:32]} 12. a3 {[%clk 0:14:54]} Bb7 {[%clk 0:15:31]} 13. Qg3
{[%clk 0:14:34]} g6 {[%clk 0:13:24]} 14. Bf3 {[%clk 0:12:55]} Nd7
{[%clk 0:11:55]} 15. Rad1 {[%clk 0:09:57]} Qc7 {[%clk 0:10:59]} 16. f5
{[%clk 0:09:28]} Ne5 {[%clk 0:08:57]} 17. Be2 {[%clk 0:07:28]} Bf6
{[%clk 0:07:59]} 18. Kh1 {[%clk 0:05:24]} Qe7 {[%clk 0:07:36]} 19. Rf4
{[%clk 0:03:42]} Kh8 {[%clk 0:06:07]} 20. fxe6 {[%clk 0:03:19]} fxe6
{[%clk 0:06:11]} 21. Rdf1 {[%clk 0:03:12]} Bg7 {[%clk 0:05:30]} 22. Rxf8+
{[%clk 0:01:12]} Rxf8 {[%clk 0:05:38]} 23. Rxf8+ {[%clk 0:01:20]} Qxf8
{[%clk 0:05:47]} 24. h4 {[%clk 0:01:20]} Qf7 {[%clk 0:04:41]} 25. Qg5
{[%clk 0:00:58]} Bf6 {[%clk 0:03:39]} 26. Qf4 {[%clk 0:00:56]} Kg7
{[%clk 0:03:32]} 27. Be3 {[%clk 0:00:40]} h5 {[%clk 0:02:54]} 28. Nd1
{[%clk 0:00:23]} Be7 {[%clk 0:02:39]} 29. Qh6+ {[%clk 0:00:17]} Kg8
{[%clk 0:02:47]} 30. Bg5 {[%clk 0:00:16]} Bf8 0-1

[Event "Memorial Sergievskogo"]
[Site "Cheboksary"]
[Date "2016.04.12"]
[Round "8.10"]
[White "Demidov, Mikhail"]
[Black "Zhitnikov, Konstantin"]
[Result "1-0"]
[LiveChessVersion "1.4.4"]
[BlackElo "2239"]
[WhiteElo "2568"]

1. d4 {[%clk 0:15:16]} Nf6 {[%clk 0:15:17]} 2. Nf3 {[%clk 0:15:24]} e6
{[%clk 0:15:24]} 3. e3 {[%clk 0:15:30]} d5 {[%clk 0:15:30]} 4. c4
{[%clk 0:15:38]} c5 {[%clk 0:14:48]} 5. Nc3 {[%clk 0:15:46]} Nc6 {[%clk 0:14:53]}
6. a3 {[%clk 0:15:55]} cxd4 {[%clk 0:14:45]} 7. exd4 {[%clk 0:16:03]} Be7
{[%clk 0:14:48]} 8. Bd3 {[%clk 0:16:11]} dxc4 {[%clk 0:14:56]} 9. Bxc4
{[%clk 0:16:19]} O-O {[%clk 0:15:00]} 10. O-O {[%clk 0:16:25]} b6
{[%clk 0:14:52]} 11. Qd3 {[%clk 0:16:10]} Bb7 {[%clk 0:14:29]} 12. Ba2
{[%clk 0:16:18]} Qd7 {[%clk 0:10:15]} 13. Bg5 {[%clk 0:16:08]} Rfd8
{[%clk 0:09:59]} 14. Rad1 {[%clk 0:16:06]} Rac8 {[%clk 0:09:06]} 15. Rfe1
{[%clk 0:16:14]} Qe8 {[%clk 0:05:36]} 16. Bb1 {[%clk 0:15:47]} g6
{[%clk 0:05:37]} 17. Ba2 {[%clk 0:15:55]} Qf8 {[%clk 0:05:25]} 18. h3
{[%clk 0:15:51]} Nh5 {[%clk 0:05:06]} 19. d5 {[%clk 0:13:58]} Bxg5
{[%clk 0:03:47]} 20. Nxg5 {[%clk 0:14:05]} Ne7 {[%clk 0:02:55]} 21. d6
{[%clk 0:12:44]} Nf5 {[%clk 0:01:53]} 22. d7 {[%clk 0:11:01]} Ra8
{[%clk 0:01:32]} 23. Bxe6 {[%clk 0:06:10]} fxe6 {[%clk 0:01:41]} 24. Nxe6
{[%clk 0:06:19]} Qf7 {[%clk 0:01:15]} 25. Ng5 {[%clk 0:05:41]} Qf6
{[%clk 0:01:10]} 26. Qc4+ {[%clk 0:05:49]} Kh8 {[%clk 0:01:04]} 27. Nf7+
{[%clk 0:05:44]} Kg7 {[%clk 0:01:13]} 28. Nxd8 {[%clk 0:05:52]} Rxd8
{[%clk 0:01:22]} 29. Re8 {[%clk 0:05:15]} Qg5 {[%clk 0:00:14]} 30. g4
{[%clk 0:01:27]} Nf4 {[%clk 0:00:21]} 31. Rxd8 {[%clk 0:01:10]} Nxh3+
{[%clk 0:00:25]} 32. Kf1 {[%clk 0:01:19]} Ne3+ {[%clk 0:00:15]} 33. fxe3
{[%clk 0:01:14]} Qf6+ {[%clk 0:00:24]} 34. Qf4 {[%clk 0:01:18]} Nxf4
{[%clk 0:00:32]} 35. Rg8+ {[%clk 0:01:24]} Kh6 {[%clk 0:00:27]} 36. d8=Q
{[%clk 0:01:28]} Ba6+ {[%clk 0:00:14]} 37. Ke1 {[%clk 0:01:09]} Ng2+
{[%clk 0:00:18]} 38. Kd2 {[%clk 0:01:14]} Qf2+ {[%clk 0:00:26]} 39. Kc1
{[%clk 0:01:21]} Nxe3 {[%clk 0:00:31]} 40. Rh1+ {[%clk 0:01:22]} 1-0

[Event "Memorial Sergievskogo"]
[Site "Cheboksary"]
[Date "2016.04.13"]
[Round "9.1"]
[White "Morozevich, Alexander"]
[Black "Gunina, Valentina"]
[Result "1-0"]
[LiveChessVersion "1.4.4"]
[BlackElo "2444"]
[WhiteElo "2669"]

1. e4 {[%clk 0:15:17]} c6 {[%clk 0:15:18]} 2. d4 {[%clk 0:15:26]} d5
{[%clk 0:15:25]} 3. e5 {[%clk 0:15:34]} Bf5 {[%clk 0:15:33]} 4. h4
{[%clk 0:15:35]} h5 {[%clk 0:15:34]} 5. Bd3 {[%clk 0:15:43]} Bxd3
{[%clk 0:15:27]} 6. Qxd3 {[%clk 0:15:50]} e6 {[%clk 0:15:34]} 7. Bg5
{[%clk 0:15:59]} Be7 {[%clk 0:15:22]} 8. Nf3 {[%clk 0:16:05]} Nh6
{[%clk 0:14:40]} 9. Nc3 {[%clk 0:15:44]} Nf5 {[%clk 0:14:38]} 10. Ne2
{[%clk 0:13:22]} Nd7 {[%clk 0:14:24]} 11. Nf4 {[%clk 0:11:32]} c5
{[%clk 0:13:50]} 12. Bxe7 {[%clk 0:09:17]} Nxe7 {[%clk 0:13:58]} 13. O-O
{[%clk 0:09:01]} cxd4 {[%clk 0:13:38]} 14. Nxd4 {[%clk 0:08:31]} Qb6
{[%clk 0:13:25]} 15. Rfe1 {[%clk 0:08:13]} g6 {[%clk 0:13:16]} 16. a4
{[%clk 0:06:43]} Nc5 {[%clk 0:12:03]} 17. Qe3 {[%clk 0:06:00]} a6
{[%clk 0:11:06]} 18. a5 {[%clk 0:03:19]} Qc7 {[%clk 0:11:02]} 19. b3
{[%clk 0:03:28]} O-O {[%clk 0:10:47]} 20. Rad1 {[%clk 0:02:44]} Qxa5
{[%clk 0:10:24]} 21. Nh3 {[%clk 0:02:01]} Ne4 {[%clk 0:10:16]} 22. Qh6
{[%clk 0:02:00]} Qb6 {[%clk 0:09:13]} 23. Rxe4 {[%clk 0:01:56]} f6
{[%clk 0:08:41]} 24. exf6 {[%clk 0:02:04]} Rxf6 {[%clk 0:08:50]} 25. Rxe6
{[%clk 0:01:30]} Rxe6 {[%clk 0:08:55]} 26. Ng5 {[%clk 0:01:34]} Rf6
{[%clk 0:08:14]} 27. Qh7+ {[%clk 0:01:43]} Kf8 {[%clk 0:08:23]} 28. Re1
{[%clk 0:01:52]} Ng8 {[%clk 0:07:58]} 29. Nde6+ {[%clk 0:01:51]} Ke8
{[%clk 0:07:44]} 30. Nc5+ {[%clk 0:01:50]} 1-0

[Event "Memorial Sergievskogo"]
[Site "Cheboksary"]
[Date "2016.04.13"]
[Round "9.2"]
[White "Khismatullin, Denis"]
[Black "Rublevsky, Sergei"]
[Result "0-1"]
[LiveChessVersion "1.4.4"]
[BlackElo "2727"]
[WhiteElo "2709"]

1. e4 {[%clk 0:15:17]} c5 {[%clk 0:15:18]} 2. Nf3 {[%clk 0:15:26]} e6
{[%clk 0:15:18]} 3. g3 {[%clk 0:15:33]} d5 {[%clk 0:15:18]} 4. exd5
{[%clk 0:15:41]} exd5 {[%clk 0:15:27]} 5. d4 {[%clk 0:15:50]} Nf6
{[%clk 0:15:35]} 6. Bg2 {[%clk 0:15:59]} Be7 {[%clk 0:15:44]} 7. O-O
{[%clk 0:16:07]} O-O {[%clk 0:15:52]} 8. Be3 {[%clk 0:16:15]} cxd4
{[%clk 0:15:31]} 9. Nxd4 {[%clk 0:16:17]} Bg4 {[%clk 0:15:32]} 10. Qd3
{[%clk 0:16:13]} Qd7 {[%clk 0:15:16]} 11. Re1 {[%clk 0:16:09]} Nc6
{[%clk 0:14:33]} 12. Nd2 {[%clk 0:16:17]} Rfe8 {[%clk 0:14:04]} 13. c3
{[%clk 0:16:19]} a6 {[%clk 0:13:09]} 14. Qf1 {[%clk 0:15:05]} Bh5
{[%clk 0:11:15]} 15. h3 {[%clk 0:14:35]} Bg6 {[%clk 0:11:24]} 16. Rad1
{[%clk 0:13:39]} Ne5 {[%clk 0:11:09]} 17. N2f3 {[%clk 0:11:54]} Nc4
{[%clk 0:11:16]} 18. Bc1 {[%clk 0:11:51]} Be4 {[%clk 0:11:05]} 19. Nh4
{[%clk 0:09:19]} Bc5 {[%clk 0:09:33]} 20. Kh2 {[%clk 0:07:48]} Bxg2
{[%clk 0:07:09]} 21. Nxg2 {[%clk 0:07:52]} Rxe1 {[%clk 0:07:02]} 22. Rxe1
{[%clk 0:07:25]} Bxd4 {[%clk 0:06:53]} 23. cxd4 {[%clk 0:07:32]} Rc8
{[%clk 0:06:37]} 24. f3 {[%clk 0:07:07]} h6 {[%clk 0:06:32]} 25. Qf2
{[%clk 0:06:05]} Na5 {[%clk 0:03:56]} 26. Bf4 {[%clk 0:04:49]} Nc6
{[%clk 0:03:22]} 27. Qd2 {[%clk 0:04:18]} Re8 {[%clk 0:02:54]} 28. g4
{[%clk 0:03:22]} Rxe1 {[%clk 0:02:52]} 29. Nxe1 {[%clk 0:03:31]} Qe7
{[%clk 0:02:55]} 30. Nc2 {[%clk 0:03:17]} Nh7 {[%clk 0:02:37]} 31. Ne3
{[%clk 0:02:23]} Ng5 {[%clk 0:02:45]} 32. Kg2 {[%clk 0:01:49]} Ne6
{[%clk 0:01:35]} 33. Nxd5 {[%clk 0:01:50]} Qd8 {[%clk 0:01:22]} 34. Nc3
{[%clk 0:01:53]} Nxf4+ {[%clk 0:01:29]} 35. Qxf4 {[%clk 0:02:00]} Nxd4
{[%clk 0:01:36]} 36. Qe3 {[%clk 0:01:04]} Ne6 {[%clk 0:01:37]} 37. f4
{[%clk 0:01:11]} Qd6 {[%clk 0:01:23]} 38. f5 {[%clk 0:00:50]} Nf4+
{[%clk 0:01:15]} 39. Kf1 {[%clk 0:00:57]} Kh7 {[%clk 0:00:57]} 40. a3
{[%clk 0:00:42]} b5 {[%clk 0:00:51]} 41. h4 {[%clk 0:00:42]} f6 {[%clk 0:00:28]}
42. Qe4 {[%clk 0:00:24]} Qd2 {[%clk 0:00:18]} 43. Ne2 {[%clk 0:00:23]} Nd3
{[%clk 0:00:18]} 44. Kg2 {[%clk 0:00:25]} Nxb2 {[%clk 0:00:17]} 45. Qe8
{[%clk 0:00:32]} Qd5+ {[%clk 0:00:24]} 46. Kg1 {[%clk 0:00:19]} Nd3
{[%clk 0:00:23]} 47. Qg6+ {[%clk 0:00:27]} Kh8 {[%clk 0:00:31]} 48. Qe8+
{[%clk 0:00:26]} Qg8 {[%clk 0:00:40]} 49. Qe4 {[%clk 0:00:23]} Qd8
{[%clk 0:00:44]} 50. Nd4 {[%clk 0:00:15]} Ne5 {[%clk 0:00:52]} 51. Kg2
{[%clk 0:00:23]} Qc8 {[%clk 0:00:39]} 52. g5 {[%clk 0:00:24]} Qc4
{[%clk 0:00:28]} 53. Qa8+ {[%clk 0:00:17]} Qg8 {[%clk 0:00:37]} 54. Qe4
{[%clk 0:00:21]} Qa2+ {[%clk 0:00:42]} 55. Ne2 {[%clk 0:00:17]} Qc4
{[%clk 0:00:31]} 56. Qa8+ {[%clk 0:00:19]} Qg8 {[%clk 0:00:39]} 57. Qe4
{[%clk 0:00:25]} Qc8 {[%clk 0:00:40]} 58. Nd4 {[%clk 0:00:18]} Qc4
{[%clk 0:00:26]} 59. Qa8+ {[%clk 0:00:27]} Qg8 {[%clk 0:00:34]} 60. Qe4
{[%clk 0:00:35]} Qa2+ {[%clk 0:00:35]} 61. Ne2 {[%clk 0:00:42]} a5
{[%clk 0:00:31]} 62. Qa8+ {[%clk 0:00:23]} Qg8 {[%clk 0:00:39]} 63. Qb7
{[%clk 0:00:32]} hxg5 {[%clk 0:00:28]} 64. hxg5 {[%clk 0:00:39]} Qc4
{[%clk 0:00:16]} 65. Qa8+ {[%clk 0:00:18]} Kh7 {[%clk 0:00:25]} 66. g6+
{[%clk 0:00:14]} Kh6 {[%clk 0:00:34]} 67. Ng3 {[%clk 0:00:24]} Kg5
{[%clk 0:00:27]} 68. Qh8 {[%clk 0:00:17]} Ng4 {[%clk 0:00:29]} 69. Kh3
{[%clk 0:00:14]} Nf2+ {[%clk 0:00:31]} 70. Kg2 {[%clk 0:00:23]} Ne4
{[%clk 0:00:18]} 71. Qh5+ {[%clk 0:00:17]} Kf4 {[%clk 0:00:27]} 72. Qf3+
{[%clk 0:00:16]} Ke5 {[%clk 0:00:36]} 73. Nh5 {[%clk 0:00:15]} Qc2+
{[%clk 0:00:39]} 74. Kg1 {[%clk 0:00:21]} Qc1+ {[%clk 0:00:47]} 75. Kh2
{[%clk 0:00:15]} Qd2+ {[%clk 0:00:52]} 76. Kh1 {[%clk 0:00:15]} Ng5
{[%clk 0:00:42]} 77. Qc6 {[%clk 0:00:11]} Qd1+ {[%clk 0:00:46]} 78. Kg2
{[%clk 0:00:20]} Qe2+ {[%clk 0:00:45]} 79. Kg1 {[%clk 0:00:13]} Nf3+
{[%clk 0:00:52]} 0-1

[Event "Memorial Sergievskogo"]
[Site "Cheboksary"]
[Date "2016.04.13"]
[Round "9.3"]
[White "Alekseev, Evgeny"]
[Black "Sharafiev, Azat"]
[Result "1-0"]
[LiveChessVersion "1.4.4"]
[BlackElo "2460"]
[WhiteElo "2671"]

1. Nf3 {[%clk 0:15:18]} c5 {[%clk 0:15:15]} 2. e4 {[%clk 0:15:21]} e6
{[%clk 0:15:13]} 3. d4 {[%clk 0:15:27]} cxd4 {[%clk 0:15:21]} 4. Nxd4
{[%clk 0:15:35]} Nf6 {[%clk 0:15:29]} 5. Nc3 {[%clk 0:15:39]} Nc6
{[%clk 0:15:36]} 6. Ndb5 {[%clk 0:15:39]} Bb4 {[%clk 0:15:43]} 7. a3
{[%clk 0:15:41]} Bxc3+ {[%clk 0:15:51]} 8. Nxc3 {[%clk 0:15:49]} d5
{[%clk 0:15:59]} 9. exd5 {[%clk 0:15:38]} exd5 {[%clk 0:16:07]} 10. Bd3
{[%clk 0:15:10]} O-O {[%clk 0:16:13]} 11. O-O {[%clk 0:15:16]} d4
{[%clk 0:16:21]} 12. Ne2 {[%clk 0:15:07]} Bg4 {[%clk 0:16:29]} 13. Bg5
{[%clk 0:14:33]} Qd6 {[%clk 0:16:36]} 14. Re1 {[%clk 0:12:41]} Rfe8
{[%clk 0:16:44]} 15. Qd2 {[%clk 0:12:33]} Bxe2 {[%clk 0:16:52]} 16. Bf4
{[%clk 0:12:16]} Qd7 {[%clk 0:16:56]} 17. Rxe2 {[%clk 0:12:14]} Rxe2
{[%clk 0:17:04]} 18. Qxe2 {[%clk 0:12:08]} Re8 {[%clk 0:17:11]} 19. Qf1
{[%clk 0:10:36]} Qe6 {[%clk 0:16:14]} 20. Rd1 {[%clk 0:10:06]} Nd5
{[%clk 0:16:15]} 21. Bc1 {[%clk 0:09:44]} a6 {[%clk 0:10:19]} 22. h3
{[%clk 0:09:48]} Qe5 {[%clk 0:08:04]} 23. Bd2 {[%clk 0:08:08]} Ne3
{[%clk 0:05:26]} 24. fxe3 {[%clk 0:07:32]} dxe3 {[%clk 0:05:34]} 25. Bc4
{[%clk 0:06:46]} Kh8 {[%clk 0:00:32]} 26. Re1 {[%clk 0:02:23]} Qd4
{[%clk 0:00:27]} 27. Bc3 {[%clk 0:02:15]} e2+ {[%clk 0:00:31]} 28. Bxd4
{[%clk 0:02:22]} exf1=Q+ {[%clk 0:00:35]} 29. Rxf1 {[%clk 0:02:20]} Nxd4
{[%clk 0:00:41]} 30. Rxf7 {[%clk 0:02:24]} b5 {[%clk 0:00:21]} 31. Bd3
{[%clk 0:02:28]} g6 {[%clk 0:00:23]} 32. Kf2 {[%clk 0:01:48]} Ne6
{[%clk 0:00:19]} 33. b4 {[%clk 0:01:41]} Rc8 {[%clk 0:00:25]} 34. Ra7
{[%clk 0:01:23]} Rc6 {[%clk 0:00:14]} 35. Ke3 {[%clk 0:01:17]} Nc7
{[%clk 0:00:14]} 36. Be4 {[%clk 0:00:56]} Rc4 {[%clk 0:00:23]} 37. Kd3
{[%clk 0:00:54]} Kg8 {[%clk 0:00:23]} 38. Bb7 {[%clk 0:00:55]} Ne6
{[%clk 0:00:20]} 39. Bxa6 {[%clk 0:00:49]} Nf4+ {[%clk 0:00:22]} 40. Kd2
{[%clk 0:00:58]} Nxg2 {[%clk 0:00:22]} 41. Bxb5 {[%clk 0:01:06]} Rd4+
{[%clk 0:00:30]} 42. Kc3 {[%clk 0:00:59]} Rh4 {[%clk 0:00:31]} 43. Bd7
{[%clk 0:01:08]} Nf4 {[%clk 0:00:36]} 44. b5 {[%clk 0:01:10]} h5 {[%clk 0:00:44]}
45. Kb3 {[%clk 0:01:14]} Kf8 {[%clk 0:00:12]} 46. b6 {[%clk 0:01:19]} 1-0